| 000 | 00688nam a22002177a 4500 | ||
|---|---|---|---|
| 003 | OSt | ||
| 005 | 20251217015241.0 | ||
| 008 | 251217b |||||||| |||| 00| 0 eng d | ||
| 020 | _a971-569-145-5. | ||
| 040 |
_aDWCL Main Lib. _cOC |
||
| 082 | _aFil. 306.095 St94 1994 | ||
| 100 | _aCala, Cesar P. | ||
| 245 |
_aStudies on coalition experiences in the Philippines/ _cCesar P. Cala |
||
| 260 |
_aManila: _bBookmark, Inc. |
||
| 300 |
_a321 p. ; _c22 cm. |
||
| 650 | _a1. Coalition (Social Sciences). | ||
| 650 | _a2. Coalition Government - Philippines. | ||
| 650 | _a3. Non-governmental Organizations - Philippines. | ||
| 700 | _aGrageda, Jose L. | ||
| 942 |
_2ddc _cBK - FIL _kFil. _n0 |
||
| 999 |
_c7153 _d7153 |
||